[Event "Open NOR-ch"]
[Site "Oslo NOR"]
[Date "2001.04.09"]
[Round "4"]
[White "Johannessen,LE"]
[Black "Johansen,SA"]
[Result "1-0"]
[WhiteElo "2407"]
[BlackElo "2159"]

1.d4 Nf6 2.c4 g6 3.Nc3 Bg7 4.e4 d6 5.Nf3 O-O 6.Be2 e5 7.O-O Nc6 8.d5 Ne7
9.Ne1 Nd7 10.Be3 f5 11.f3 f4 12.Bf2 g5 13.a4 Ng6 14.a5 Rf7 15.b4 Bf8 16.c5 Nf6
17.c6 h5 18.Kh1 bxc6 19.dxc6 Be6 20.Nd5 Nxd5 21.exd5 Bf5 22.b5 Rg7 23.Bd3 Bxd3
24.Nxd3 Qc8 25.Bxa7 Rxa7 26.b6 cxb6 27.axb6 Rxa1 28.Qxa1 g4 29.Qb2 Nh4 30.b7 Qf5
31.Qe2 gxf3 32.gxf3 Qh3 33.Ne1 Nf5 34.Rg1 Ng3+ 35.Rxg3 fxg3 36.b8=Q gxh2
37.Ng2 Qg3 38.c7 h4 39.c8=Q  1-0

[Event "Zone 3.1a"]
[Site "Tehran IRI"]
[Date "2001.04.10"]
[Round "9"]
[White "Hakki,I"]
[Black "Al Sayed,Mohammed"]
[Result "1/2-1/2"]
[WhiteElo "2440"]
[BlackElo "2082"]

1.d4 Nf6 2.c4 g6 3.Nc3 Bg7 4.e4 d6 5.Be2 O-O 6.Nf3 e5 7.O-O Nc6 8.d5 Ne7
9.Nd2 a5 10.Rb1 Bd7 11.b3 c6 12.Bb2 Bh6 13.Kh1 Rb8 14.a4 Ne8 15.Ba1 f5 16.dxc6 bxc6
17.c5 d5 18.exd5 cxd5 19.f4 e4 20.Nb5 Bg7 21.Bxg7 Kxg7 22.b4 axb4 23.Nb3 Nc7
24.Qd4+ Kg8 25.Qxb4 Bxb5 26.axb5 Nc6 27.Qa3 Rxb5 28.Bxb5 Nxb5 29.Qa4 Qb8
30.Na5 Ncd4 31.Nc6 Qa8 32.Qxa8 Rxa8 33.Ne7+ Kf7 34.Nxd5 Ke6 35.Nb6 Ra2 36.c6 Ra6
37.Rfc1 Kd6 38.Rc4 Nxc6 39.Rd1+ Nbd4 40.Na4 Kd5 41.Rc5+ Kd6 42.Rc4 Kd5 43.Rc5+ Kd6
44.Rc4  1/2-1/2

[Event "32nd Open"]
[Site "Mar del Plata ARG"]
[Date "2001.04.11"]
[Round "5"]
[White "Lafuente,P"]
[Black "Fiorito,F"]
[Result "1-0"]
[WhiteElo "2364"]
[BlackElo "2386"]

1.Nf3 Nf6 2.c4 g6 3.Nc3 Bg7 4.e4 d6 5.d4 O-O 6.Be2 e5 7.O-O Nc6 8.d5 Ne7
9.Kh1 Nd7 10.g4 a5 11.Rg1 Kh8 12.Be3 b6 13.Qd2 Nc5 14.Rg3 Bd7 15.Rag1 c6
16.Rh3 f6 17.Qc1 cxd5 18.cxd5 Rc8 19.Qf1 Rf7 20.Rhg3 Rb8 21.Nd2 Qc7 22.f4 f5
23.gxf5 gxf5 24.Bh5 Ng6 25.Bxg6 hxg6 26.fxe5 dxe5 27.Rxg6 f4 28.Qg2  1-0

[Event "FSIMA April"]
[Site "Budapest HUN"]
[Date "2001.04.12"]
[Round "6"]
[White "Sinkovics,P"]
[Black "Rajlich,V"]
[Result "0-1"]
[WhiteElo "2317"]
[BlackElo "2337"]

1.d4 Nf6 2.Nf3 g6 3.c4 Bg7 4.Nc3 O-O 5.e4 d6 6.Be2 e5 7.O-O Nc6 8.d5 Ne7
9.Nd2 a5 10.a3 Nd7 11.Rb1 f5 12.b4 Kh8 13.Qc2 Nf6 14.f3 axb4 15.axb4 c6 16.Kh1 f4
17.Nb3 cxd5 18.cxd5 Nh5 19.Bd2 Ng3+ 20.hxg3 fxg3 21.Bg5 Bh6 22.Bh4 Bf4 23.Bd3 g5
24.Bxg3 Bxg3 25.Ne2 Bf4 26.Nxf4 gxf4 27.Qf2 Rg8 28.Ra1 Rb8 29.Na5 Ng6 30.Rfc1 Nh4
31.Bf1 Qg5 32.Rc3 Qh5 33.Kg1 Bh3 34.Ra2 Bxg2 35.Bxg2 Nxg2 36.Qxg2 Qh4 37.Kf1 Rxg2
38.Rxg2 b6 39.Nc4 Ra8 40.Na3 h5 41.Rg6 Qh1+ 42.Rg1 Qh3+ 43.Kf2 Rg8 44.Rxg8+ Kxg8
45.Nb5 Qg3+ 46.Kf1 h4 47.Nxd6 h3 48.Rc8+ Kh7 49.Rc7+ Kg6 50.Rg7+ Kxg7 51.Nf5+ Kg6
52.Nxg3 fxg3 53.Kg1 Kg5 54.Kh1 Kf4 55.d6 Kxf3 56.d7 Kf2  0-1

[Event "Israel Open Ch"]
[Site "Tel Aviv ISR"]
[Date "2001.04.13"]
[Round "5"]
[White "Kantsler,B"]
[Black "Avrukh,B"]
[Result "0-1"]
[WhiteElo "2507"]
[BlackElo "2600"]

1.d4 Nf6 2.c4 g6 3.Nc3 Bg7 4.e4 d6 5.Nf3 O-O 6.Be2 e5 7.O-O Nc6 8.d5 Ne7
9.b4 Nh5 10.Re1 f5 11.Ng5 Nf6 12.Bf3 c6 13.Be3 Kh8 14.b5 cxd5 15.cxd5 fxe4
16.Ngxe4 Nf5 17.Nxf6 Bxf6 18.Ne4 Bh4 19.a4 Nxe3 20.Rxe3 Bf5 21.Qb3 Rc8 22.Qb4 Rc2
23.Rf1 Be7 24.Rc3 Rxc3 25.Qxc3 Qb6 26.Qd3 Rc8 27.h3 Qc7 28.Qe3 b6 29.Ra1 Qc2
30.g4 Qb2 31.Ra3 Bxe4 32.Bxe4 Bh4 33.Rb3 Qa2 34.Ra3 Qc4 35.Ra1 Kg7 36.a5 Bd8
37.axb6 Bxb6 38.Rxa7+ Bxa7 39.Qxa7+ Rc7 40.Qb8 Rf7 41.f3 Qc5+ 42.Kg2 Ra7
43.h4 Qc7 44.Qe8 Qd7 45.Qb8 Rb7 46.Qa8 Rxb5 47.Kg3 Qc7 48.Qe8 Rb8 49.Qe6 Rd8
50.h5 Qf7 51.h6+ Kf8 52.Qxf7+ Kxf7 53.g5 Ke7 54.Kh4 Rf8 55.Kg3 Kd7 56.Bd3 Kc7  0-1

[Event "FSIMA April"]
[Site "Budapest HUN"]
[Date "2001.04.14"]
[Round "8"]
[White "Sinkovics,P"]
[Black "Pachow,J"]
[Result "0-1"]
[WhiteElo "2317"]
[BlackElo "2297"]

1.d4 Nf6 2.Nf3 g6 3.c4 Bg7 4.Nc3 d6 5.e4 O-O 6.Be2 e5 7.O-O Nc6 8.d5 Ne7
9.Nd2 a5 10.a3 c5 11.Rb1 b6 12.b4 axb4 13.axb4 Bh6 14.Rb3 Ne8 15.Bb2 f5 16.Re1 Nf6
17.Bd3 f4 18.bxc5 bxc5 19.Nb5 g5 20.Qc2 g4 21.Bc3 g3 22.h3 gxf2+ 23.Kxf2 Ng6
24.Nf3 Nh5 25.Qb2 Bg5 26.Ra1 Rxa1 27.Qxa1 Nh4 28.Ba5 Qf6 29.Bc2 Qg6 30.Bc7 Bd8
31.Qf1 Ng3 32.Qb1 Nxe4+ 33.Bxe4 Qxg2+ 34.Ke1 Nxf3+ 35.Bxf3 Bh4+ 36.Kd1 Qf1+
37.Kd2 Qf2+ 38.Kc1 Bf5 39.Qxf5 Rxf5 40.Bg4 Qe1+ 41.Kc2 Rf8 42.Bxd6 Ra8 43.Be6+ Kg7
44.Nc3 Bf6 45.Bf5 e4 46.Rb7+ Kg8 47.Na4 Qe2+  0-1

[Event "Open"]
[Site "Dubai UAE"]
[Date "2001.04.15"]
[Round "1"]
[White "Shariyazdanov,A"]
[Black "Mamedov,Ro"]
[Result "1-0"]
[WhiteElo "2594"]
[BlackElo "2313"]

1.d4 Nf6 2.c4 g6 3.Nc3 Bg7 4.e4 d6 5.Be2 O-O 6.Nf3 e5 7.O-O Nc6 8.d5 Ne7
9.b4 Nh5 10.Re1 c6 11.Ba3 cxd5 12.cxd5 Bg4 13.h3 Bd7 14.b5 Nc8 15.Nd2 Nf4
16.Bf1 Qg5 17.Kh2 Re8 18.Nc4 Bf8 19.Qf3 Qh6 20.Ne3 Be7 21.Ng4 Qh5 22.Kg1 f5
23.Nh2 Qxf3 24.Nxf3 Nb6 25.g3 Nh5 26.Bb4 Nf6 27.Nd2 Kg7 28.a4 fxe4 29.Ndxe4 Rac8
30.Rac1 Nxe4 31.Nxe4 Rxc1 32.Rxc1 Bf5 33.Nxd6 Bxd6 34.Bxd6 Nxd5 35.Rc5 Nb6
36.Rc7+ Kh6 37.a5 Nc8 38.Bc5 b6 39.Be3+ g5 40.axb6 axb6 41.h4 Kg6 42.Bxg5  1-0

[Event "FSIMA April"]
[Site "Budapest HUN"]
[Date "2001.04.17"]
[Round "11"]
[White "Sinkovics,P"]
[Black "Zimmerman,Y"]
[Result "1-0"]
[WhiteElo "2317"]
[BlackElo "2362"]

1.d4 Nf6 2.Nf3 g6 3.c4 Bg7 4.Nc3 O-O 5.e4 d6 6.Be2 e5 7.O-O Nc6 8.d5 Ne7
9.Nd2 a5 10.a3 Bd7 11.b3 c6 12.Bb2 c5 13.Nb5 Ne8 14.Re1 Bh6 15.Bd3 f5 16.exf5 gxf5
17.Nf1 Ng6 18.g3 Rf7 19.Ne3 Bg7 20.f3 Qg5 21.Ng2 f4 22.Qd2 e4 23.Bxg7 e3
24.Nxe3 fxe3 25.Rxe3 Kxg7 26.Bxg6 hxg6 27.Rae1 Bxb5 28.cxb5 Nc7 29.f4 Qxd5
30.Rd3 Qf5 31.Rxd6 Nxb5 32.Re5 Qb1+ 33.Re1 Qf5 34.Re5 Qb1+ 35.Re1 Qxb3 36.Rd3 Qc4
37.Rc1 Qe6 38.Rxc5 Rf5 39.Qb2+ Kg8 40.Rxb5 Qe1+ 41.Kg2 Qe4+ 42.Rf3 Rc8 43.Qb3+ Kf8
44.Rxf5+ gxf5 45.Qd3 Rc2+ 46.Kh3 Qc6 47.Qxf5+ Kg8 48.Qg5+ Kf8 49.Re3 Qd7+
50.f5 Rf2 51.Qh6+ Kg8 52.Re6 Rxf5 53.Rg6+ Kf7 54.Rg7+ Ke8 55.Rxd7  1-0

[Event "Israel Open Ch"]
[Site "Tel Aviv ISR"]
[Date "2001.04.17"]
[Round "9"]
[White "Doettling,F"]
[Black "Van den Doel,E"]
[Result "1/2-1/2"]
[WhiteElo "2509"]
[BlackElo "2574"]

1.d4 Nf6 2.Nf3 g6 3.c4 Bg7 4.Nc3 O-O 5.e4 d6 6.Be2 e5 7.O-O Nc6 8.d5 Ne7
9.Kh1 Ne8 10.Ne1 f5 11.exf5 gxf5 12.f4 Ng6 13.g3 Bd7 14.Ng2 Qe7 15.Bd2 Nf6
16.Qc2 exf4 17.Nxf4 Nxf4 18.Bxf4 Ng4 19.Rae1 Rae8 20.Qd2 Ne3 21.Bh5 Nxf1
22.Rxe7 Nxd2 23.Bxe8 Rxe8 24.Rxd7 Nxc4 25.Rxc7 Nb6  1/2-1/2

[Event "Classics IMA"]
[Site "Gausdal NOR"]
[Date "2001.04.18"]
[Round "4"]
[White "Kvisvik,B"]
[Black "Hitzgerova,G"]
[Result "0-1"]
[WhiteElo "2106"]
[BlackElo "2255"]

1.d4 g6 2.c4 Bg7 3.Nc3 d6 4.e4 Nf6 5.Nf3 O-O 6.Be2 e5 7.O-O Nc6 8.d5 Ne7
9.b4 a5 10.Ba3 Ne8 11.c5 Kh8 12.Nd2 axb4 13.Bxb4 f5 14.Nc4 dxc5 15.Bxc5 Nd6
16.Nxd6 cxd6 17.Bb4 Rf6 18.a3 Ng8 19.Rc1 Bh6 20.Rc2 Bd7 21.Bb5 Rc8 22.a4 Bf8
23.Bxd7 Qxd7 24.Nb5 fxe4 25.Rxc8 Qxc8 26.Qe2 Nh6 27.Qxe4 Rf4 28.Qb1 Nf5 29.Na3 Nd4
30.Bd2 Rf7 31.Be3 Qc5 32.Bxd4 Qxd4 33.Qb3 Bh6 34.Nb5 Qc5 35.Qh3 Rxf2 36.Rxf2 Qc1+
37.Rf1 Be3+ 38.Qxe3 Qxe3+ 39.Kh1 Qc5 40.h3 Qxd5 41.Nc7 Qc4  0-1

[Event "4th Open"]
[Site "Tanta City EGY"]
[Date "2001.04.19"]
[Round "2"]
[White "Ikonnikov,V"]
[Black "Hassan,Say"]
[Result "1/2-1/2"]
[WhiteElo "2558"]
[BlackElo "2363"]

1.d4 Nf6 2.Nf3 g6 3.c4 Bg7 4.Nc3 O-O 5.e4 d6 6.Be2 e5 7.O-O Nc6 8.d5 Ne7
9.Ne1 Nd7 10.Be3 f5 11.f3 f4 12.Bf2 g5 13.a4 a5 14.Nd3 b6 15.Be1 h5 16.Nf2 Nf6
17.h3 Rf7 18.b4 Ng6 19.bxa5 bxa5 20.Nb5 Bf8 21.Bc3 Rg7 22.Ra2 Nh8 23.Qe1 Nf7
24.Bxa5 Nh6 25.c5 g4 26.fxg4 hxg4 27.Nxg4 Bxg4 28.hxg4 Nhxg4 29.Bxg4 Nxg4
30.Rf3 dxc5  1/2-1/2

[Event "Open"]
[Site "Dubai UAE"]
[Date "2001.04.20"]
[Round "6"]
[White "Ghane,S"]
[Black "Kayumov,S"]
[Result "1-0"]
[WhiteElo "2465"]
[BlackElo "2244"]

1.d4 Nf6 2.c4 g6 3.Nc3 Bg7 4.e4 d6 5.Be2 O-O 6.Nf3 e5 7.O-O Nc6 8.d5 Ne7
9.Ne1 Ne8 10.Be3 f5 11.f3 f4 12.Bf2 h5 13.c5 g5 14.a4 Rf7 15.a5 Bf8 16.cxd6 cxd6
17.Nb5 Bd7 18.Nxa7 Ng6 19.Bb6 Qf6 20.Bb5 Bxb5 21.Nxb5 Rg7 22.Rc1 Nh4 23.Nc7 Nxc7
24.Rxc7 g4 25.Rxg7+ Qxg7 26.Kh1 Be7 27.b4 Kh7 28.Qe2 Bf6 29.Nd3 Rc8 30.Qd2 Qd7
31.Ne1 Qb5 32.Rg1 Rc4 33.fxg4 Rxb4 34.g5 Bxg5 35.g3 Rb2 36.Qd1 Re2 37.gxh4 Bxh4
38.Qc1 Qd7 39.Nf3 Be7 40.Qf1  1-0

[Event "Open"]
[Site "Dubai UAE"]
[Date "2001.04.23"]
[Round "8"]
[White "Ghane,S"]
[Black "Mamedov,Ro"]
[Result "1/2-1/2"]
[WhiteElo "2465"]
[BlackElo "2313"]

1.d4 Nf6 2.c4 g6 3.Nc3 Bg7 4.e4 d6 5.Be2 O-O 6.Nf3 e5 7.O-O Nc6 8.d5 Ne7
9.Ne1 Nd7 10.Be3 f5 11.f3 f4 12.Bf2 g5 13.a4 Ng6 14.Nb5 Nf6 15.Bxa7 g4 16.fxg4 Nxe4
17.Bd3 Ng5 18.Bxg6 hxg6 19.h3 Ne4 20.Qd3 Ng3 21.Qxg6 Rf6 22.Qg5 Qe8 23.Nf3 Rh6
24.Nh4 Kh7 25.Nf5 Bxf5 26.gxf5 Bf6 27.Qg4 Nxf1 28.Kxf1 c6 29.dxc6 bxc6 30.Bf2 cxb5
31.cxb5 Qf7 32.b6 Qb3 33.a5 Qxb2  1/2-1/2

[Event "Zone 3.2b (Oceana)"]
[Site "Gold Coast AUS"]
[Date "2001.04.24"]
[Round "6"]
[White "Feldman,V"]
[Black "Jones,B"]
[Result "1/2-1/2"]
[WhiteElo "2369"]
[BlackElo "2215"]

1.d4 Nf6 2.c4 g6 3.Nc3 Bg7 4.e4 d6 5.Nf3 O-O 6.Be2 e5 7.O-O Nc6 8.d5 Ne7
9.b4 Ne8 10.c5 f5 11.Nd2 f4 12.Bg4 h5 13.Bxc8 Rxc8 14.cxd6 cxd6 15.Bb2 Nf6
16.Rc1 g5 17.Kh1 Rf7 18.Qe2 g4 19.f3 Bf8 20.Nc4 Rg7 21.Nb5 Ne8 22.a4 Ng6
23.a5 a6 24.Nba3 Qh4 25.Nb6 g3 26.h3 Rxc1 27.Rxc1 Nf6 28.Rc2 Ne7 29.b5 Ng4
30.Kg1 Nf2 31.Qf1 Ng6 32.bxa6 bxa6 33.Na8 Nh8 34.Nc7 Nf7 35.Ne6 Ng5 36.Nxg5 Rxg5
37.Nc4 Rg6 38.Nb6 Kh7 39.Na8 Kh6 40.Nc7 Be7 41.Nxa6 Bd8 42.Bc3 Qe7 43.Nb4 Qa7
44.Nc6 Nxh3+ 45.Kh1 Nf2+ 46.Kg1 Nh3+  1/2-1/2

[Event "Astral Open"]
[Site "Bucharest ROM"]
[Date "2001.04.26"]
[Round "6"]
[White "Grigore,G"]
[Black "Sofronie,I"]
[Result "1/2-1/2"]
[WhiteElo "2483"]
[BlackElo "2405"]

1.d4 Nf6 2.c4 g6 3.Nc3 Bg7 4.e4 O-O 5.Nf3 d6 6.Be2 e5 7.O-O Nc6 8.d5 Ne7
9.Nd2 a5 10.a3 Nd7 11.Rb1 f5 12.b4 Kh8 13.f3 axb4 14.axb4 c6 15.Kh1 Nf6 16.Nb3 cxd5
17.cxd5 Neg8 18.Be3 Bh6 19.Qd2 Bxe3 20.Qxe3 f4 21.Qf2 g5 22.Na5 g4 23.Nc4 Qe7
24.Qh4 Bd7 25.fxg4 Rac8 26.Rbc1 Bxg4 27.Bd3  1/2-1/2

[Event "4th Open"]
[Site "Tanta City EGY"]
[Date "2001.04.26"]
[Round "8"]
[White "Antoniewski,R"]
[Black "Abdel Aziem,R"]
[Result "1-0"]
[WhiteElo "2456"]
[BlackElo "2269"]

1.d4 Nf6 2.Nf3 g6 3.c4 Bg7 4.Nc3 O-O 5.e4 d6 6.Be2 e5 7.O-O Nc6 8.d5 Ne7
9.b4 a5 10.Ba3 axb4 11.Bxb4 Nd7 12.a4 h6 13.a5 f5 14.Nd2 Nf6 15.c5 Ne8 16.Nc4 fxe4
17.Nxe4 Nf5 18.cxd6 cxd6 19.Rc1 Rf7 20.Nb6 Rb8 21.Bd3 Bf8 22.Qa4 Nd4 23.Bc3 Nf5
24.Rc2 Bd7 25.Qb4 Qh4 26.Ra1 Rd8 27.g3 Qe7 28.Rb1 Nf6 29.Nxf6+ Qxf6 30.Qe4 Kh7
31.f4 Nd4 32.Bxd4 Bf5 33.Qf3 exd4 34.Re1 h5 35.Bxf5 Qxf5 36.Qe4 Bg7 37.Qxf5 Rxf5
38.Rc7 g5 39.Rxb7 gxf4 40.a6 fxg3 41.a7 gxh2+ 42.Kxh2 Rf2+ 43.Kg1 Ra2 44.Rb8 Rxa7
45.Rxd8 d3 46.Rd7 Ra2 47.Rd1 Kg6 48.Rxd6+ Kf5 49.Rxd3 Ke4 50.Rd1 Bd4+ 51.Kh1 Bc5
52.Rc6 Be3 53.Re6+ Kf3 54.Rxe3+  1-0

[Event "Zone 3.2b (Oceana) Women"]
[Site "Gold Coast AUS"]
[Date "2001.04.27"]
[Round "10"]
[White "Szuveges,N"]
[Black "Phan Koshnitsky,N"]
[Result "1/2-1/2"]
[WhiteElo "2078"]
[BlackElo "2156"]

1.d4 Nf6 2.c4 g6 3.Nc3 Bg7 4.e4 d6 5.Be2 O-O 6.Nf3 e5 7.O-O Nc6 8.d5 Ne7
9.Ne1 Ne8 10.Nd3 f5 11.Bd2 Nf6 12.f3 f4 13.c5 g5 14.h3 h5 15.cxd6 cxd6 16.Nf2 Rf7
17.Qc2 Ng6 18.Rfc1 a6 19.a4 Nh4 20.a5 Bd7 21.Na4 Rc8 22.Qd1 Bxa4 23.Rxa4 Rxc1
24.Qxc1 Rc7 25.Rc4 Ne8 26.Rxc7 Qxc7 27.Qxc7 Nxc7 28.Bb4 Bf8 29.Nd1 Kf7 30.Be1 Ng6
31.Nc3 Be7 32.Bd1 Bd8 33.Ba4 Ke7 34.Kf1 h4 35.Ke2 Nf8 36.Kd3 Nd7 37.Bxd7 Kxd7
38.Kc4 Na8 39.b4 b6 40.axb6 Bxb6 41.b5 axb5+ 42.Kxb5 Bd4 43.Na4 Nc7+ 44.Kc4 Ne8
45.Ba5 Nf6 46.Kd3 Nh5  1/2-1/2

[Event "4th Open"]
[Site "Tanta City EGY"]
[Date "2001.04.27"]
[Round "9"]
[White "Sarakauskas,G"]
[Black "Himdan,M"]
[Result "1/2-1/2"]
[WhiteElo "2403"]
[BlackElo "2348"]

1.d4 d6 2.Nf3 g6 3.c4 Bg7 4.Nc3 Nf6 5.e4 O-O 6.Be2 e5 7.O-O Nc6 8.Be3 exd4
9.Nxd4 Ng4 10.Bxg4 Bxg4 11.Nxc6 Bxd1 12.Nxd8 Bc2 13.Nxb7 Bxc3 14.bxc3 a5
15.e5 Be4 16.exd6 Bxb7 17.dxc7 Ba6 18.Rfb1 Bxc4 19.Bf4 Rac8 20.f3 Rfe8 21.a4 g5
22.Bxg5 Rxc7 23.Bf6 h6 24.Re1 Rxe1+ 25.Rxe1 Bb3 26.Re5 Rc6 27.Re8+ Kh7 28.Bd4 Ra6
29.g4 f6 30.Re7+ Kg8 31.Be3 Bxa4 32.Bxh6 Bd1 33.Kf2 a4 34.Re1 Bb3 35.Bc1 a3
36.Re8+ Kf7 37.Rb8 Bd5 38.Rb5 Bc6 39.Rb1 a2 40.Ra1 Bd5 41.c4 Bxc4 42.Be3 Bd3
43.h4 Ke6 44.g5 fxg5 45.hxg5 Kf5 46.Ke1 Bb1 47.Kd2 Rc6 48.Kd1 Rc3 49.Kd2 Rc2+
50.Kd1 Rg2 51.Kc1 Rc2+ 52.Kd1 Rh2 53.Kc1 Ke5 54.Kd1 Kd5 55.Ke1 Kc4 56.Bf4 Rc2
57.Kf1 Kd5 58.g6 Rc6 59.g7 Rg6 60.Bh6 Ke6 61.Ke2 Kf7 62.Bf4 Kxg7 63.Be5+ Kf7
64.Ke3 Rc6 65.Kd4  1/2-1/2

[Event "2nd ch-EUR Women"]
[Site "Warsaw POL"]
[Date "2001.04.27"]
[Round "6"]
[White "Ovod,E"]
[Black "Sudakova,I"]
[Result "1-0"]
[WhiteElo "2383"]
[BlackElo "2256"]

1.d4 Nf6 2.c4 g6 3.Nc3 Bg7 4.e4 d6 5.Nf3 O-O 6.Be2 e5 7.O-O Nc6 8.d5 Ne7
9.b4 a5 10.Ba3 axb4 11.Bxb4 b6 12.a4 Re8 13.Qc2 c5 14.Ba3 Nh5 15.Rfb1 Nf4
16.Bf1 Bg4 17.Nd2 Nc8 18.Bc1 Qg5 19.Kh1 Qh5 20.a5 bxa5 21.Rb7 Be2 22.f3 Bxf1
23.Nxf1 g5 24.Ng3 Qg6 25.Nb5 Re7 26.Nc7 g4 27.Rab1 Ra7 28.Rxa7 Nxa7 29.Rb7 Nc8
30.Bd2 gxf3 31.gxf3 h5 32.Bxa5 Kh7 33.Rb8 Qg5 34.Qd2 Rxc7 35.Bxc7 Qe7 36.Rxc8 Qd7
37.Ra8 Qxc7 38.Nf5 Qb7 39.Ra1 Qb3 40.Qf2 Qxc4 41.Rg1 Bf8 42.Qg3 Ng6 43.Nh4  1-0

[Event "Golden Cleopatra Open"]
[Site "Cairo EGY"]
[Date "2001.05.02"]
[Round "1"]
[White "El Arousy,A"]
[Black "Abdel Aziem,R"]
[Result "1-0"]
[WhiteElo "2370"]
[BlackElo "2269"]

1.Nf3 Nf6 2.c4 g6 3.Nc3 Bg7 4.e4 d6 5.d4 O-O 6.Be2 e5 7.O-O Nc6 8.d5 Ne7
9.Nd2 Ne8 10.b4 f5 11.c5 Nf6 12.Qb3 Nxe4 13.Ndxe4 fxe4 14.Nxe4 Nf5 15.Bg5 Qd7
16.cxd6 Nd4 17.Qd3 cxd6 18.h3 Nxe2+ 19.Qxe2 h6 20.Be3 b6 21.Rfd1 Bb7 22.a4 Rf7
23.b5 Bf8 24.Qd3 Qd8 25.Nc3 Kh7 26.Ne4 Bc8 27.Rac1 Bf5 28.f3 Bc8 29.Rf1 Qh4
30.Rc4 Bf5 31.Qe2 Qd8 32.Rfc1 Rc8 33.Rc6 Bd7 34.Rxc8 Bxc8 35.Qc4 Bb7 36.Rc3 Qa8
37.Rd3 Qb8 38.Rc3 Qa8 39.Rd3 Qb8 40.Rd1 Rc7 41.Nf6+ Kh8 42.Qh4  1-0

[Event "54th ch-RUS"]
[Site "Elista RUS"]
[Date "2001.05.02"]
[Round "3"]
[White "Ionov,S"]
[Black "Dolmatov,S"]
[Result "1/2-1/2"]
[WhiteElo "2505"]
[BlackElo "2587"]

1.d4 Nf6 2.c4 g6 3.Nc3 Bg7 4.e4 d6 5.Nf3 O-O 6.Be2 e5 7.O-O Nc6 8.d5 Ne7
9.b4 Nh5 10.Re1 a5 11.bxa5 Rxa5 12.Nd2 Nf4 13.Bf1 c5 14.a4 Nh5 15.Ra3 Kh8
16.Nb5 Ra6 17.g3 Ng8 18.Bb2 Nhf6 19.Nf3 Ng4 20.Nh4 f5 21.exf5 gxf5 22.Bh3 N8h6
23.f3 Nf6 24.Ng2 Bd7 25.Rf1 Rg8 26.Kh1 Rf8 27.Qa1 Ne8 28.f4 e4 29.Bxg7+ Nxg7
30.Ne3 Qe7 31.Qb2 Bc8 32.Rb1 Ng8 33.Qd2 Nf6 34.Nc3 h5 35.Ng2 Ng4 36.Bxg4 hxg4
37.Nd1 Qf6 38.Nde3 Kg8 39.a5 Ne8 40.Rab3 Qd4 41.Qe1 Nc7 42.Nh4 Ra7 43.Rb6 Qf6
44.Nc2 Na6 45.Ng2 Nb8  1/2-1/2

[Event "2nd ch-EUR Women"]
[Site "Warsaw POL"]
[Date "2001.05.03"]
[Round "11"]
[White "Vasilevich,T"]
[Black "Georgieva,L"]
[Result "1-0"]
[WhiteElo "2436"]
[BlackElo "2162"]

1.d4 Nf6 2.c4 g6 3.Nc3 Bg7 4.e4 d6 5.Nf3 O-O 6.Be2 e5 7.O-O Nc6 8.d5 Ne7
9.b4 a5 10.Ba3 b6 11.bxa5 Nh5 12.Re1 Rxa5 13.Bb4 Ra8 14.a4 Nf4 15.Bf1 f5
16.h3 Rf6 17.g3 fxe4 18.Nxe4 Nxh3+ 19.Bxh3 Bxh3 20.Nfg5 Bf5 21.Nxf6+ Bxf6
22.Ne4 Bg7 23.a5 bxa5 24.Bxa5 Qd7 25.Bb4 Rf8 26.Ra3 h5 27.f3 Bh6 28.Bd2 Bxd2
29.Qxd2 Kg7 30.Nf2 Ng8 31.Rea1 Qf7 32.Ra7 Nf6 33.Ra8 Ne8 34.Kg2 Qf6 35.Qe3 Bd7
36.Ne4 Qf5 37.Rh1 Kg8 38.Nf2 Qf6 39.Ra3 Ng7 40.Ne4 Qe7 41.Qg5 Bf5 42.Nf2 Bc2
43.Rc3 Bf5 44.g4 Bc8 45.Qh6 Re8 46.Ne4 Bb7 47.Ng5 Qf6 48.gxh5 e4 49.hxg6 exf3+
50.Rxf3 Re2+ 51.Kf1  1-0

[Event "Bank Pocztowy Open A"]
[Site "Bydgoszcz POL"]
[Date "2001.05.05"]
[Round "8"]
[White "Gleizerov,E"]
[Black "Lanka,Z"]
[Result "1/2-1/2"]
[WhiteElo "2589"]
[BlackElo "2483"]

1.d4 Nf6 2.c4 g6 3.Nc3 Bg7 4.e4 d6 5.Nf3 O-O 6.Be2 e5 7.O-O Nc6 8.d5 Ne7
9.Nd2 a5 10.a3 Bd7 11.Rb1 a4 12.b4 axb3 13.Nxb3 c5 14.dxc6 Bxc6 15.Qd3 Ne8
16.Rd1 f5 17.f3 Kh8 18.Nd5 Nxd5 19.cxd5 Bd7  1/2-1/2

[Event "54th ch-RUS"]
[Site "Elista RUS"]
[Date "2001.05.06"]
[Round "6"]
[White "Kobalija,M"]
[Black "Smirnov,P"]
[Result "1-0"]
[WhiteElo "2590"]
[BlackElo "2511"]

1.Nf3 Nf6 2.c4 g6 3.Nc3 Bg7 4.d4 O-O 5.e4 d6 6.Be2 e5 7.O-O Nc6 8.d5 Ne7
9.b4 Nh5 10.Re1 Nf4 11.Bf1 a5 12.bxa5 Rxa5 13.a4 c5 14.Nb5 Ra6 15.Ra3 Nh5
16.g3 Kh8 17.Nh4 Ng8 18.Ng2 Nhf6 19.Bb2 Nd7 20.Qa1 f5 21.exf5 gxf5 22.f4 Ne7
23.Nxd6 Rxd6 24.fxe5 Rb6 25.Bc3 Ng6 26.e6 Nf6 27.Nh4 Ne7 28.Bh3 Nexd5 29.cxd5 Qxd5
30.Bg2 Qc4 31.Nxf5 Bxe6 32.Nxg7 Kxg7 33.a5 Rd6 34.Ra4 Qd3 35.Rf4 Bd5 36.Rg4+ Kf7
37.Bxf6 Rxf6 38.Qe5 Be6 39.Qh5+ Ke7 40.Qxc5+ Qd6 41.Rg7+ R8f7 42.Rxf7+ Rxf7
43.Qd5 Qd7 44.Qxb7  1-0

[Event "Karpov It"]
[Site "Poikovsky RUS"]
[Date "2001.05.07"]
[Round "7"]
[White "Leitao,R"]
[Black "Obodchuk,A"]
[Result "1-0"]
[WhiteElo "2587"]
[BlackElo "2419"]

1.d4 Nf6 2.c4 g6 3.Nc3 Bg7 4.e4 d6 5.Nf3 O-O 6.Be2 e5 7.O-O Nc6 8.d5 Ne7
9.Nd2 a5 10.a3 Nd7 11.Rb1 f5 12.b4 Nf6 13.f3 axb4 14.axb4 c6 15.Kh1 cxd5
16.cxd5 Nh5 17.Nc4 f4 18.Kg1 Bd7 19.Bd2 Bf6 20.Be1 Nc8 21.Bf2 Bh4 22.Qe1 Bxf2+
23.Qxf2 g5 24.Na5 Rb8 25.Nb5 Kh8 26.Rbc1 g4 27.fxg4 Nf6 28.Nc7 Nxe4 29.Qe1 Ng5
30.b5 Nb6 31.Qb4 Qe7 32.Nb3 Rbd8 33.Nd2 Bc8 34.Qa5 Nd7 35.h4 f3 36.Nxf3 Nxf3+
37.Bxf3 Nc5 38.g5 Nb3 39.Qc3 Nxc1 40.Rxc1 Qf7 41.Qe3 Qg6 42.Be4 Qg8 43.b6 Rf7
44.Ne6 Re8 45.h5 Bxe6 46.dxe6 Rf4 47.g6 Qxe6 48.Rc7 Re7 49.Bxb7 hxg6 50.hxg6 Kg7
51.Bd5 Qf6 52.Rxe7+ Qxe7 53.b7 Qc7 54.Qh3 Kxg6 55.Qe6+ Rf6 56.Qg8+ Kh6 57.b8=Q  1-0

[Event "54th ch-RUS"]
[Site "Elista RUS"]
[Date "2001.05.08"]
[Round "8"]
[White "Epishin,V"]
[Black "Smirnov,P"]
[Result "1/2-1/2"]
[WhiteElo "2579"]
[BlackElo "2511"]

1.d4 Nf6 2.c4 g6 3.Nc3 Bg7 4.e4 d6 5.Nf3 O-O 6.Be2 e5 7.O-O Nc6 8.d5 Ne7
9.b4 Nh5 10.Qc2 a5 11.bxa5 Rxa5 12.Re1 c5 13.dxc6 bxc6 14.Be3 Nf4 15.Rad1 Bg4
16.Qd2 Nxe2+ 17.Qxe2 d5 18.cxd5 cxd5 19.exd5 Nxd5 20.Qd2 Be6 21.Ng5 Qa8 22.Nxe6 fxe6
23.a4 Nxc3 24.Qxc3 Rxa4 25.h3 Rc8 26.Qb3 Qc6 27.Rd2 Rc4 28.Qd1 Bf8 29.Rd7 Rc7
30.Rd8 Rc8 31.Rd7 Rc7 32.Rxc7 Qxc7 33.Qb3 Qc6 34.Rd1 Rb4 35.Qa2 Rb8 36.Qa5 Bg7
37.Rc1 Qd5 38.Qa4 Ra8 39.Qg4 e4 40.Rc5 Qd6 41.g3 Re8 42.Qxe4 Qe7 43.Ra5 Qf7
44.h4 h6 45.Kg2 Rb8 46.Kh2 Re8 47.Kh3 Rd8 48.g4 e5 49.Ra6 g5 50.hxg5 hxg5
51.Rg6 Qd5 52.Qxd5+ Rxd5 53.Rxg5 Kf7 54.Rh5 Rd3 55.Kg3 Rc3 56.Kf3 Ke6 57.Rh7 Kf6
58.Rh1 Rc6 59.Rb1 Ke6 60.Rb7 Kf6 61.Rb4 Ra6 62.Ke4 Rc6 63.Rb6 Rxb6 64.Bxb6 Ke6
65.Bd8 Bf8 66.g5 Ba3 67.g6 Bf8 68.Bg5 Bg7 69.Bh4 Bh6 70.f3 Bf8 71.Bd8 Bh6
72.Bh4 Bf8 73.f4 exf4 74.Kxf4 Bg7 75.Kg5 Ke7 76.Kf5+ Kf8 77.Bf6 Kg8 78.Bxg7 Kxg7
79.Kg5 Kg8 80.Kh6 Kh8 81.g7+  1/2-1/2

[Event "ch-LTU"]
[Site "Kaunas LTU"]
[Date "2001.05.12"]
[Round "3"]
[White "Butnorius,A"]
[Black "Labuckas,A"]
[Result "1-0"]
[WhiteElo "2435"]
[BlackElo "2356"]

1.d4 Nf6 2.Nf3 g6 3.c4 Bg7 4.Nc3 O-O 5.e4 d6 6.Be2 e5 7.O-O Nc6 8.d5 Ne7
9.b4 Nh5 10.Re1 Nf4 11.Bf1 a5 12.bxa5 c5 13.Bd2 Rxa5 14.Qb3 h6 15.a4 g5 16.Nb5 Ra6
17.Bc3 Nfg6 18.g3 Kh8 19.Bg2 Ng8 20.Nd2 N6e7 21.Rf1 Ng6 22.a5 N8e7 23.Rae1 Rg8
24.Qd1 Rf8 25.Qe2 Ng8 26.Rb1 Nf6 27.Na3 Rg8 28.f3 Kh7 29.Nc2 Bh8 30.Ne3 Ne8
31.Rb3 Bg7 32.Rfb1 Ra7 33.Qf1 Bf8 34.Kh1 f6 35.Bh3 Rg7 36.Bf5 Bxf5 37.exf5 Ne7
38.Rxb7 Rxb7 39.Rxb7 Nxf5 40.Rxg7+ Nfxg7 41.Qb1+ Kg8 42.a6 Qc7 43.Qb7  1-0

[Event "ch-LTU"]
[Site "Kaunas LTU"]
[Date "2001.05.12"]
[Round "3"]
[White "Sakalauskas,V"]
[Black "Piesina,G"]
[Result "1/2-1/2"]
[WhiteElo "2437"]
[BlackElo "2389"]

1.d4 Nf6 2.c4 g6 3.Nc3 Bg7 4.e4 d6 5.Be2 O-O 6.Nf3 e5 7.O-O Nc6 8.d5 Ne7
9.Ne1 Nd7 10.Be3 f5 11.f3 f4 12.Bf2 g5 13.a4 a5 14.Nd3 b6 15.Be1 Nc5 16.Nb5 g4
17.Nxc5 gxf3 18.Bxf3 bxc5 19.Bc3 Ng6 20.Qd2 Rf7 21.Bxa5 Bf8 22.Kh1 Re7 23.b4 Kh8
24.bxc5 dxc5 25.Rad1  1/2-1/2

[Event "65th ch-BUL"]
[Site "Tsarevo BUL"]
[Date "2001.05.13"]
[Round "3"]
[White "Cheparinov,I"]
[Black "Spasov,V"]
[Result "1-0"]
[WhiteElo "2444"]
[BlackElo "2571"]

1.d4 Nf6 2.c4 g6 3.Nc3 Bg7 4.e4 d6 5.Nf3 O-O 6.Be2 e5 7.O-O Nc6 8.d5 Ne7
9.b4 Nh5 10.Re1 a5 11.bxa5 c5 12.a4 Rxa5 13.Ra3 Ra6 14.Nd2 Nf4 15.Bf1 h6
16.Nb5 g5 17.g3 Nfg6 18.Be2 f5 19.exf5 Nxf5 20.Bh5 Nge7 21.Ne4 Nd4 22.Nxd4 cxd4
23.Be2 Bf5 24.Bd3 Kh8 25.Bd2 Ng8 26.a5 Qd7 27.Rb3 Nf6 28.Qb1 Nxe4 29.Bxe4 Bxe4
30.Qxe4 Rf7 31.Reb1 Qc8 32.Kg2 Ra7 33.Rb6 Ra6 34.R6b5 Ra7 35.Rb6 Ra6 36.R6b5 Ra7
37.Bb4 Bf8 38.Qg6 Qe8 39.Qe4 Qc8 40.Qg6 Qe8 41.Qe4 Qc8 42.Rc1 Qd7 43.Rb6 Ra6
44.c5 dxc5 45.Bxc5 Rxb6 46.Bxb6 Qf5 47.f3 g4 48.Qxf5 Rxf5 49.fxg4 Rf7 50.Rf1 Kg7
51.Rxf7+ Kxf7 52.Kf3 d3 53.Ke3 e4 54.a6 bxa6 55.Ba5 h5 56.g5 Kg6 57.Kxe4 Kxg5
58.Kxd3 Kg4 59.Bc7 Kf5 60.Kd4 Ba3 61.Kc4 Bf8 62.Kb3 Bc5 63.Ka4 Bg1 64.h3 Kf6
65.Ka5 Bh2 66.h4 Kf5 67.Bf4  1-0